000 00670nam a2200217 4500
003 OSt
005 20240705075952.0
006 a
008 240705b |||||||| |||| 00| 0 eng d
020 _a1567930166
040 _aDWCL-HMN lib.
_cOC
082 _aCirc. 338.433621 L849m 1994
100 _aLong, Michael J.
245 _aThe medical care system: a conceptual model /
260 _aMichigan:
_bAUPHA Press/ Health Administration Press,
_cc1994.
300 _axiii,
_b175 p. : ill. ;
_c23 cm.
504 _aIncludes bibliographical references and index.
650 _a1. Medical economics.
650 _a2. Medical care.
942 _2ddc
_n0
_cBK-CIRC
_kCirc.
999 _c2046
_d2046